| 000 | 00750nam a22002177a 4500 | ||
|---|---|---|---|
| 999 |
_c14053 _d14053 |
||
| 003 | AR-CdUCM | ||
| 008 | 190416b ||||| |||| 00| 0 spa d | ||
| 020 | _a978-603-4016-45-3 | ||
| 040 |
_aMUNICIPALIDAD PROVINCIAL DEL CUSCO _cBIBLIOTECA MUNICIPAL DEL CUSCO |
||
| 082 |
_aEP / 803 / _bD16 |
||
| 100 |
_aDahl, Roald. _932719 |
||
| 245 | _aEl gran gigante bonachón / | ||
| 260 |
_aLima : _bCorporación gráfica Navarrete, _c2008. |
||
| 300 |
_a170 paginas ; _c20 cm. |
||
| 440 |
_aAlfaguara juvenil. _932720 |
||
| 505 | _aContenido :La hora mágica -- La cueva -- Viaje al país de los sueños -- El desayuno real -- El autor ... | ||
| 650 |
_aCuentos _9217 |
||
| 650 |
_aHistorietas _910786 |
||
| 942 |
_2ddc _cLIBROS |
||
| 945 |
_arum _d2019-04-17 |
||